00580nam a2200169Ia 450000500170000000800410001702000180005805000190007610000340009524500940012925000190022326000290024230000180027149000480028965000380033765000350037520231102151739.0141013s2012 mx ah|| |||| 000 0 spa d a9789703244690 aF1230bL5 2012 aLeon Portilla, Miguel.eautor aVisión de los vencidosb Relaciones indígenas de la conquistacMiguel León Portilla a5a edición. aMéxicob: UNAMc, 2012 a312 páginas aBiblioteca del estudiante universitario: 81 a1. Nahuatl - Textos - Conquista a2. Mexico- Historia- Conquista